000 00837nas1a22002291i 4500
001 RU\NLR\Per\626902
005 20241105221724.0
035 _a(NLR Aleph) 002877080
090 _a3243075
_c3243075
100 _a20090826a20099999|||y0rusy50 ca
101 0 _arus
102 _aRU
110 _aau|||||||||
200 1 _aПро Кстово
_eжурнал для жителей города
210 _aКстово
_cАлександра Молькова
_cИздательский дом А. Мольковой
_d2009 -
607 _aКстово, город (Нижегородская область)
_jПериодические издания
_92492609
_3RU\NLR\AUTH\661478891
686 1 _aТ3(2Р-4Ни-2Кс)я54
852 _aNLR
_jП23/7528
942 _cJOURNAL
980 _aRUSPER